Organizational behaviour in hotels and restaurants (Record no. 17964)

MARC details
000 -LEADER
fixed length control field 00584nam a22001817a 4500
008 - FIXED-LENGTH DATA ELEMENTS--GENERAL INFORMATION
fixed length control field 191008b xxu||||| |||| 00| 0 eng d
020 ## - INTERNATIONAL STANDARD BOOK NUMBER
International Standard Book Number 047198650-X
040 ## - CATALOGING SOURCE
Original cataloging agency KABU
Transcribing agency KABU
050 ## - LIBRARY OF CONGRESS CALL NUMBER
Classification number TX911.3
Item number .M27G84 1999 c. 1
100 ## - MAIN ENTRY--PERSONAL NAME
Personal name Guerrier, Yvonne
245 ## - TITLE STATEMENT
Title Organizational behaviour in hotels and restaurants
Remainder of title an international perspective
Statement of responsibility, etc. Yvonne Guerrier
260 ## - PUBLICATION, DISTRIBUTION, ETC. (IMPRINT)
Place of publication, distribution, etc. New York
Name of publisher, distributor, etc. John Wiley & Sons
Date of publication, distribution, etc. 1999
300 ## - PHYSICAL DESCRIPTION
Extent ix, 284 p.
650 ## - SUBJECT ADDED ENTRY--TOPICAL TERM
Topical term or geographic name as entry element Hotel management
650 ## - SUBJECT ADDED ENTRY--TOPICAL TERM
Topical term or geographic name as entry element Restaurant management
650 ## - SUBJECT ADDED ENTRY--TOPICAL TERM
Topical term or geographic name as entry element Organizational behaviour
942 ## - ADDED ENTRY ELEMENTS (KOHA)
Source of classification or shelving scheme Library of Congress Classification
Koha item type General Collection
Classification part TX911.3
Holdings
Withdrawn status Lost status Source of classification or shelving scheme Not for loan Home library Current library Date acquired Cost, normal purchase price Total Checkouts Full call number Barcode Date last seen Copy number Price effective from Koha item type
    Library of Congress Classification   Kabarak, Main Campus Kabarak, Main Campus 08/10/2019 5948.00   TX911.3 .M27G84 1999 c. 1 023657 08/10/2019 c. 1 08/10/2019 General Collection
    Library of Congress Classification   Kabarak, Main Campus Kabarak, Main Campus 08/10/2019 5948.00   TX911.3 .M27G84 1999 c. 2 023658 08/10/2019 c. 2 08/10/2019 General Collection
    Library of Congress Classification   Kabarak, Main Campus Kabarak, Main Campus 08/10/2019 5948.00   TX911.3 .M27G84 1999 c. 3 023659 08/10/2019 c. 3 08/10/2019 General Collection
    Library of Congress Classification   Kabarak, Main Campus Kabarak, Main Campus 08/10/2019 5948.00   TX911.3 .M27G84 1999 c. 4 023660 08/10/2019 c. 4 08/10/2019 General Collection
Designed with assistance from East African Informatics Ltd